banner-ar

بناء وتنمية المجموعات فى المكتبات ومراكز المعلومات : (Record no. 6016)

MARC details
000 -الفاتح
حقل البيانات ثابتة الطول 00891nam a2200217Ia 4500
008 - عناصر البيانات ثابتة الطول - معلومات عامة
حقل البيانات ثابتة الطول 140319s9999 xx 000 0 ara d
040 ## - مصدر الفهرسة
وكالة الفهرسة الأصلية GCL /
وكالة النسخ GCL
082 04 - رقم تصنيف ديوى العشرى
رقم التصنيف 025.21
رقم المادة ش ب
100 1# - المدخل الرئيسى - إسم شخصى
الإسم الشخصى شعبان عبدالعزيز خليفة
245 10 - بيان العنوان
العنوان بناء وتنمية المجموعات فى المكتبات ومراكز المعلومات :
بقية العنوان دراسة فى الاسس النظرية والتطبيقات العملية /
بيان المسئوليه,etc شعبان عبدالعزيز خليفة
300 ## - الوصف المادى
التعداد 397 ص ؛
أبعاد الوعاء 24 سم
650 04 - المدخل الاضافى بالموضوع-مصطلح موضوعى
مصطلح موضوعي مراكز المعلومات
650 04 - المدخل الاضافى بالموضوع-مصطلح موضوعى
مصطلح موضوعي الفهرسة
650 04 - المدخل الاضافى بالموضوع-مصطلح موضوعى
مصطلح موضوعي المكتبات
650 04 - المدخل الاضافى بالموضوع-مصطلح موضوعى
مصطلح موضوعي المكتبات - تنظيم وادارة
650 04 - المدخل الاضافى بالموضوع-مصطلح موضوعى
مصطلح موضوعي التزويد ( مكتبات )
650 04 - المدخل الاضافى بالموضوع-مصطلح موضوعى
مصطلح موضوعي المكتبات - المجموعات الخاصة
942 ## - عناصر المدخل الإضافي( كوها)
مصدر التصنيف او مخطط الترفيف Dewey Decimal Classification
Koha [default] item type كتاب
260 ## - PUBLICATION, DISTRIBUTION, ETC. (IMPRINT)
-- القاهرة :
-- دار الثقافة العلمية
Holdings
حالة التراجع حالة الفقد حالة تلف ليس للاعارة المكان المؤقت الموقع الحالى تاريخ الاكتساب اجمالي اﻻعارات رقم الطلب الباركود تاريخ اخر مشاهدة تاريخ تفعيل السعر نوع وعاء كوها
        مكتبة القاهرة الكبرى مكتبة القاهرة الكبرى 03/26/2014   025.21\ش ب 12650 03/26/2014 03/26/2014 كتاب

Powered By

EGPV